| 000 | 00398nam a2200157Ia 4500 | ||
|---|---|---|---|
| 008 | 230524s9999 xx 000 0 und d | ||
| 082 | _bPSG | ||
| 100 |
_aPSG College of Technology _942722 |
||
| 245 | 0 | _aDesign Data: Data Book of Engineers | |
| 250 | _a1 | ||
| 260 |
_aNew Delhi _bLaxmi Publi. _c2011 |
||
| 300 | _a14.7p; | ||
| 500 | _aQuantity Number: 1 | ||
| 650 | _aMechanics | ||
| 942 | _cBK | ||
| 999 |
_c57706 _d57706 |
||